Subdivision capitals closest to Innsbruck (AT) - Statistics

General Stats
  • This quiz has been taken 40 times
    16 since last reset
  • The average score is 7 of 20
Answer Stats
Distance (km) Answer % Correct
1 98 München
91%
4 138 Salzburg
73%
2 127 Bregenz
64%
5 142 Vaduz
64%
16 215 Zürich
55%
8 150 Appenzell
27%
7 148 Chur
27%
9 153 Sankt Gallen
27%
15 213 Schaffhausen/Schaffhouse
27%
13 209 Schwyz
27%
17 216 Venezia
27%
14 213 Altdorf
18%
18 217 Bellinzona
18%
12 191 Frauenfeld
18%
11 178 Glarus/Glaris
18%
10 160 Herisau
18%
6 143 Schaan
18%
3 135 Trento
18%
19 218 Zug/Zoug
18%
20 225 Nova Gorica
9%
No matching quizzes found
Score Distribution
Percent of People with Each Score
Percentile by Number Answered
Your Score History
You have not taken this quiz since the last reset